Logo BPK

Biblioteka

Politechniki Koszalińskiej

II sympozjum Naukowe. Współczesne problemy gospodarki ściekami, osadami. (Rekord nr 20697)

Szczegóły MARC
000 -ETYKIETA REKORDU
podpole kontrolne o stałej długości 00307nam a2200121 i 4500
001 - NUMER KONTROLNY REKORDU
pole kontrolne bg
040 ## - ŹRÓDŁO KATALOGOWANIA
Instytucja, która utworzyła rekord BPK
041 ## - KOD JĘZYKA
Kod języka tekstu pol
008 - POLE O STAŁEJ DŁUGOŚCI - DANE KONTROLNE
podpole kontrolne o stałej długości s pl f |000 0 pol
245 #0 - TYTUŁ/ODPOWIEDZIALNOŚĆ
Tytuł II sympozjum Naukowe. Współczesne problemy gospodarki ściekami, osadami.
260 ## - STREFA ADRESU WYDAWNICZEGO
Miejsce wydania Koszalin,
Data publikacji, dystrybucji/powstania dokumentu 1980.
856 ## - LOKALIZACJA I DOSTĘP DO ELEKTRONICZNYCH DOKUMENTÓW ZDALNYCH
Link (URL) http://koha.tu.koszalin.pl/cgi-bin/koha/opac-detail.pl?biblionumber=20697
Tekst linku Katalog online BPK
942 ## - DODATKOWE ELEMENTY (KOHA)
Typ dokumentu Książka
Egzemplarze
Wycofany Status egzemplarza Uszkodzony Dostępność Lokalizacja stała Lokalizacja bieżąca Miejsce przechowywania Sygnatura Kod kreskowy Typ dokumentu
      Dostępny Biblioteka Politechniki Koszalińskiej Biblioteka Politechniki Koszalińskiej Wypożyczalnia BG 29110 01376128 Książka
© 2023 Biblioteka Politechniki Koszalińskiej :: KOHA